| 000 | 00509nam a2200193Ia 4500 | ||
|---|---|---|---|
| 001 | 7047 | ||
| 003 | GE_BSU | ||
| 008 | 181216s||||||||xx |||||||||||||| ||und|| | ||
| 040 | _cGE_BSU | ||
| 100 | _aАбрамов, С. | ||
| 245 | _aЭлементы программирования | ||
| 245 | _cред. Н.Н. Васина | ||
| 260 | _aМосква | ||
| 260 | _bНаука | ||
| 260 | _c1982 | ||
| 300 | _a93стр. 20см. | ||
| 653 | _aЭлементы программирования | ||
| 942 | _cBK | ||
| 999 |
_c40438 _d40438 |
||